| 000 | 00648cam a2200217 4500 | ||
|---|---|---|---|
| 001 | L137079 | ||
| 008 | 070313s2007 xxk f 000 0 eng d | ||
| 035 | _a(Sirsi) u137079 | ||
| 041 | 0 | _aeng | |
| 100 | 1 | _aLevaggi, Peter | |
| 245 | 0 | 0 | _aExpensive quandary |
| 260 | _c2007 | ||
| 490 | 0 |
_aEstates Gazette _v(0710) 10 March 2007, 174-176(3) |
|
| 520 | _aExplains new rules and court guidance which may aid landlords in attaining rents and possession. | ||
| 590 | _aKA | ||
| 650 | 2 | 4 | _aENTERPRISE ACT 2002 |
| 650 | 2 | 4 | _aINSOLVENCY (AMENDMENT) RULES 2005 2.67 |
| 651 | 4 |
_aEngland and Wales _y1543- |
|
| 700 | 1 | _aMarsden, David | |
| 942 | _n0 | ||
| 999 |
_c106633 _d106633 |
||